[Event "Crema op 22nd"]
[Site "Crema"]
[Date "2022.09.09"]
[Round "1"]
[White "Distratis, Gianluca"]
[Black "Bouaicha, Amir"]
[Result "0-1"]
[WhiteElo "1872"]
[BlackElo "1485"]
[PlyCount "66"]
[EventDate "2022.09.09"]
[EventType "swiss"]
[EventRounds "6"]
[EventCountry "ITA"]
[SourceTitle "CBM 210 Extra"]
[Source "ChessBase"]
[SourceDate "2022.11.30"]
[SourceVersion "1"]
[SourceVersionDate "2022.11.30"]
[SourceQuality "1"]

1. e4 c6 2. d4 d5 3. e5 Bf5 4. h4 h5 5. c4 e6 6. Nc3 Bb4 7. Nf3 Nd7 8. Bg5 Ne7 9. cxd5 cxd5 10. Rc1 Qb6 11. Qb3 Rc8 12. Be2 Nc6 13. 0-0 Bg4 14. Nxd5 exd5 15. Qxd5 Be6 16. Qe4 0-0 17. Bd3 g6 18. d5 Nc5 19. Rxc5 Bf5 20. Rxc6 bxc6 21. Qf4 Bxd3 22. Bf6 Kh7 23. Ng5+ Kg8 24. Ne4 Kh7 25. Ng5+ Kg8 26. Ne6 fxe6 27. Qh6 Rxf6 28. exf6 Bf8 29. Qf4 Bxf1 30. dxe6 Qc7 31. Qg5 Bd3 32. e7 Bxe7 33. fxe7 Re8 0-1